000
00334nam a2200157Ia 4500
100
_a
Tanenbaum /Andrew S.
250
_a
3
942
_c
BK
654
_a
Networks
245
_a
Computer Networks
260
_b
Prentice Hall of India
_a
New Delhi
_c
1996
082
_a
4.65
_b
TAN
300
_a
813
546
_a
ENGLISH
999
_c
20502
_d
20502